00652nam a2200217 a 450000100060000000300080000600500170001400800410003102000180007203500190009004000320010904100080014108200270014910000170017624500700019326000500026330000200031350000110033350400330034465000570037747110BD-RjUL20211209054248.0160807s1990 ii b 001 0 eng  a: 8171002722  a(BD-RjUL)47229 aDLCcDLCdDLCdBD-RjULbeng aeng00a345.5405223bDUO 19901 aDutta, N. K.10aOrigin and development of criminal justice in India /cN.K. Dutta aNew Delhi :bDeep & Deep Publications,c1990. a91 p. ;c23 cm. aindex. abibliographical (p. 84-88). 0aCriminal justice, Administration ofzIndiaxHistory.